[Event "CRO Cup"]
[Site "Mali Losinj"]
[Date "2017.05.11"]
[Round "3.3"]
[White "Vucic, Mihovil"]
[Black "Bubalovic, Davorin"]
[Result "0-1"]
[WhiteElo "2167"]
[BlackElo "2211"]
[PlyCount "106"]
[EventDate "2017.05.10"]
[EventType "team-swiss"]
[EventRounds "6"]
[EventCountry "CRO"]
[SourceTitle "CBM 178 Extra"]
[Source "ChessBase"]
[SourceDate "2017.06.22"]
[SourceVersion "1"]
[SourceVersionDate "2017.06.22"]
[SourceQuality "1"]
[WhiteTeam "Strigova Stridon"]
[BlackTeam "Vinkovci"]
[WhiteTeamCountry "CRO"]
[BlackTeamCountry "CRO"]

1. e4 c5 2. Nf3 Nc6 3. c3 d5 4. exd5 Qxd5 5. d4 Bf5 6. Be3 cxd4 7. cxd4 Bxb1 8. Rxb1 e6 9. Bd3 Bb4+ 10. Ke2 Qxa2 11. Qc2 Rc8 12. Ra1 Qd5 13. Qa4 Nge7 14. h4 0-0 15. g4 a5 16. Rad1 Qd6 17. Qb5 Qd5 18. h5 Qxb5 19. Bxb5 Nd5 20. Bd3 Rfe8 21. Ng5 h6 22. Nf3 f6 23. Rhg1 Kh8 24. Rg2 Bd6 25. Nh4 Nce7 26. Kf3 e5 27. Ng6+ Nxg6 28. Bxg6 Red8 29. Bf5 Rb8 30. Ke4 Ne7 31. f4 exf4 32. Bxf4 Bxf4 33. Kxf4 Nd5+ 34. Ke4 Rd6 35. Bg6 Rbd8 36. Bf7 R8d7 37. Bxd5 Rxd5 38. Rf2 Rg5 39. Rf4 Kg8 40. Rd3 Kf7 41. Rb3 b5 42. Rc3 Re7+ 43. Kd3 Re1 44. Rc5 Rd1+ 45. Ke4 Rxc5 46. dxc5 Ke6 47. Rf5 Re1+ 48. Kd3 Kd7 49. g5 Ke6 50. Rf2 hxg5 51. Rc2 Kd7 52. c6+ Kc7 53. Rc5 Re5 0-1

[Event "CRO-chT2 Center 25th"]
[Site "Croatia"]
[Date "2016.10.23"]
[Round "10.46"]
[White "Lovrekovic, Kristijan"]
[Black "Vucic, Mihovil"]
[Result "0-1"]
[WhiteElo "2061"]
[BlackElo "2147"]
[PlyCount "70"]
[EventDate "2016.03.13"]
[EventType "team-tourn"]
[EventRounds "11"]
[EventCountry "CRO"]
[SourceTitle "EXT 2019"]
[Source "ChessBase"]
[SourceDate "2018.10.10"]
[SourceVersion "1"]
[SourceVersionDate "2018.10.10"]
[SourceQuality "1"]

1. e4 c5 2. Nf3 d6 3. d4 cxd4 4. Nxd4 Nf6 5. Bd3 Nc6 6. c3 g6 7. 0-0 Bg7 8. Nxc6 bxc6 9. Bf4 Nd7 10. Nd2 Rb8 11. Qc2 0-0 12. Be3 Ne5 13. Be2 Ng4 14. Bxa7 Rb7 15. Bxg4 Bxg4 16. Bd4 e5 17. Be3 d5 18. f3 Be6 19. Bc5 Re8 20. b4 d4 21. c4 Bh6 22. Qd3 Qh4 23. g3 Qg5 24. Rf2 Qe3 25. Qe2 Qc3 26. Qe1 Be3 27. Rc1 Qa3 28. Nb3 Bxc1 29. b5 Qa4 30. bxc6 Qxc6 31. Qxc1 Rxb3 32. axb3 Qxc5 33. Kg2 Rb8 34. Rb2 Qa3 35. Qc2 Bxc4 0-1

[Event "CRO-chT U20 25th"]
[Site "Sv Filip i Jakov"]
[Date "2016.03.23"]
[Round "5.5"]
[White "Simunic, Krunoslav"]
[Black "Vucic, Mihovil"]
[Result "1/2-1/2"]
[WhiteElo "1746"]
[BlackElo "2117"]
[PlyCount "109"]
[EventDate "2016.03.21"]
[EventType "team-tourn"]
[EventRounds "9"]
[EventCountry "CRO"]
[SourceTitle "CBM 171 Extra"]
[Source "ChessBase"]
[SourceDate "2016.04.26"]
[SourceVersion "1"]
[SourceVersionDate "2016.04.26"]
[SourceQuality "1"]

1. d4 d5 2. c4 e6 3. Nc3 Nf6 4. cxd5 exd5 5. Bg5 Be7 6. e3 0-0 7. Bd3 Nbd7 8. Qc2 Re8 9. Nf3 a6 10. a4 h6 11. Bf4 c5 12. dxc5 Nxc5 13. 0-0 Nxd3 14. Qxd3 Be6 15. Nd4 Rc8 16. Rfc1 Qa5 17. b3 Nd7 18. Nce2 Nc5 19. Qd1 Bf6 20. Rab1 Qb6 21. b4 Ne4 22. a5 Rxc1 23. Qxc1 Qd8 24. Qc7 Qxc7 25. Bxc7 Rc8 26. Rc1 Bd7 27. Bb6 Rxc1+ 28. Nxc1 Kf8 29. f3 Nc3 30. Bc5+ Ke8 31. Kf2 g6 32. Ke1 Be5 33. h3 h5 34. Nd3 Bb8 35. Kd2 Na4 36. Ne2 Nxc5 37. Nxc5 Bc8 38. Nc3 Be6 39. Nxb7 Ba7 40. Kd3 Kd7 41. Nc5+ Bxc5 42. bxc5 Kc6 43. Kd4 h4 44. f4 f5 45. Ke5 Bg8 46. Kf6 Kxc5 47. Kxg6 d4 48. exd4+ Kxd4 49. Na4 Bb3 50. Nb6 Bc2 51. Kg5 Be4 52. Kxh4 Bxg2 53. Kg3 Bf1 54. h4 Be2 55. Kf2 1/2-1/2

[Event "CRO-chT U20 25th"]
[Site "Sv Filip i Jakov"]
[Date "2016.03.23"]
[Round "4.1"]
[White "Vucic, Mihovil"]
[Black "Blazeka, Mihaela"]
[Result "1-0"]
[WhiteElo "2117"]
[BlackElo "1920"]
[PlyCount "115"]
[EventDate "2016.03.21"]
[EventType "team-tourn"]
[EventRounds "9"]
[EventCountry "CRO"]
[SourceTitle "CBM 171 Extra"]
[Source "ChessBase"]
[SourceDate "2016.04.26"]
[SourceVersion "1"]
[SourceVersionDate "2016.04.26"]
[SourceQuality "1"]

1. e4 e5 2. Nf3 Nc6 3. Bc4 Bc5 4. c3 Nf6 5. d4 exd4 6. cxd4 Bb4+ 7. Bd2 Bxd2+ 8. Nbxd2 d5 9. exd5 Nxd5 10. Qb3 Na5 11. Qa4+ Nc6 12. Qa3 Qe7+ 13. Qxe7+ Ncxe7 14. 0-0 0-0 15. Rfe1 Bf5 16. Re5 Be6 17. Ng5 Nf4 18. Nxe6 Nxe6 19. Bxe6 fxe6 20. Rxe6 Nf5 21. Nb3 Rad8 22. Rd1 Rd5 23. Re5 Rfd8 24. Rxd5 Rxd5 25. Kf1 a5 26. a4 b5 27. Nxa5 c5 28. axb5 cxd4 29. Nc4 Rxb5 30. g4 Rb4 31. gxf5 Rxc4 32. Ke2 Rb4 33. Rd2 Kf7 34. Kd3 Kf6 35. Ke4 h6 36. Kd5 Kxf5 37. Kc5 Rb3 38. Kxd4 Rh3 39. b4 Rxh2 40. b5 Rh1 41. Rb2 h5 42. b6 Rd1+ 43. Kc5 Rc1+ 44. Kd6 Rd1+ 45. Ke7 Re1+ 46. Kf7 Rd1 47. b7 Rd7+ 48. Kf8 Rxb7 49. Rxb7 g5 50. Kf7 h4 51. Rb5+ Kf4 52. Kg6 g4 53. Rb4+ Kf3 54. Kg5 h3 55. Rb3+ Kxf2 56. Kxg4 h2 57. Rb2+ Kg1 58. Kg3 1-0

[Event "CRO-chT2 Center"]
[Site "Croatia"]
[Date "2015.04.26"]
[Round "6.16"]
[White "Furjan, Antun"]
[Black "Vucic, Mihovil"]
[Result "0-1"]
[WhiteElo "2012"]
[BlackElo "2115"]
[PlyCount "88"]
[EventDate "2015.03.22"]
[EventType "team-tourn"]
[EventRounds "11"]
[EventCountry "CRO"]
[SourceTitle "EXT 2016"]
[Source "ChessBase"]
[SourceDate "2015.10.08"]
[SourceVersion "1"]
[SourceVersionDate "2015.10.08"]
[SourceQuality "1"]

1. d4 d5 2. Nf3 Nf6 3. c4 e6 4. Nc3 Be7 5. e3 0-0 6. Be2 Nbd7 7. 0-0 b6 8. b3 Bb7 9. Bb2 c5 10. cxd5 exd5 11. Rc1 Re8 12. a4 Bf8 13. Ne5 Nxe5 14. dxe5 Rxe5 15. a5 d4 16. Na4 Rg5 17. Bf3 Bxf3 18. Qxf3 b5 19. exd4 cxd4 20. Bxd4 bxa4 21. Bxf6 gxf6 22. Rfd1 Qb8 23. b4 Bd6 24. Rxd6 Qxd6 25. Qxa8+ Kg7 26. Qe4 Qd2 27. Qe1 Qd5 28. Qf1 Rg4 29. b5 a3 30. h3 Rb4 31. Ra1 a2 32. Kh2 Qe5+ 33. f4 Rxf4 34. Qe1 Qxe1 35. Rxe1 Ra4 36. Ra1 Rxa5 37. Kg3 Kg6 38. Kf3 Kf5 39. Ke3 Ke5 40. Kd3 Kd5 41. Kc3 Kc5 42. Kb3 Kxb5 43. Kb2 Kb4 44. g4 h6 0-1

[Event "CRO-chT U20 24th"]
[Site "Sv Filip i Jakov"]
[Date "2015.03.31"]
[Round "4.1"]
[White "Livaic, Leon"]
[Black "Vucic, Mihovil"]
[Result "1/2-1/2"]
[WhiteElo "2227"]
[BlackElo "2087"]
[PlyCount "140"]
[EventDate "2015.03.30"]
[EventType "team-tourn"]
[EventRounds "11"]
[EventCountry "CRO"]
[SourceTitle "CBM 165 Extra"]
[Source "ChessBase"]
[SourceDate "2015.04.21"]
[SourceVersion "1"]
[SourceVersionDate "2015.04.21"]
[SourceQuality "1"]

1. d4 d5 2. c4 e6 3. Nc3 Nf6 4. Nf3 Be7 5. Bg5 0-0 6. e3 Nbd7 7. Rc1 a6 8. a4 h6 9. Bh4 b6 10. cxd5 exd5 11. Bd3 Bb7 12. 0-0 c5 13. Bb1 Re8 14. dxc5 bxc5 15. Ba2 c4 16. Nd4 Qa5 17. Bb1 Qb4 18. Qc2 g6 19. Qe2 Bf8 20. Rfd1 Bg7 21. Rd2 Nb6 22. Qd1 Rac8 23. Bxf6 Bxf6 24. h4 Re5 25. Nf3 Rh5 26. g4 Rxh4 27. Nxh4 Bxh4 28. Qf3 Kg7 29. Rcd1 Bf6 30. Qg3 Nxa4 31. Nxd5 Bxd5 32. Rxd5 Nxb2 33. Rc1 Na4 34. Qf3 Nc3 35. Rd7 Qb2 36. Rxc3 Qxc3 37. Qd5 Rf8 38. Kg2 a5 39. Ba2 Bh4 40. Bxc4 Qf6 41. Qd4 Kg8 42. Qxf6 Bxf6 43. Ra7 Bc3 44. f4 Kg7 45. e4 Bb4 46. e5 g5 47. f5 Bc5 48. Rc7 Bb6 49. Rb7 Bc5 50. f6+ Kg8 51. Kf3 a4 52. Ke4 a3 53. Kf5 Bd4 54. Ba2 Bc3 55. Rc7 Bd4 56. Ke4 Ba1 57. Ra7 Bb2 58. Kf5 Bd4 59. Rxa3 Bb2 60. Ra7 Bc3 61. Rb7 Ba1 62. Rb1 Bc3 63. Rb7 Ba1 64. Re7 Bb2 65. Bd5 Bc3 66. e6 fxe6+ 67. Rxe6 Kh8 68. Kg6 Rxf6+ 69. Rxf6 Bxf6 70. Kxf6 h5 1/2-1/2

[Event "CRO-ch U19"]
[Site "Sveti Martin "]
[Date "2014.07.27"]
[Round "2"]
[White "Vucic, Mihovil"]
[Black "Ivekovic, Bozidar1111"]
[Result "0-1"]
[WhiteElo "2117"]
[BlackElo "2317"]
[PlyCount "54"]
[EventDate "2014.07.26"]
[EventType "swiss"]
[EventRounds "9"]
[EventCountry "CRO"]
[SourceTitle "EXT 2015"]
[Source "ChessBase"]
[SourceDate "2014.11.20"]
[SourceVersion "1"]
[SourceVersionDate "2014.11.20"]
[SourceQuality "1"]

1. e4 c5 2. Nf3 d6 3. c3 Nf6 4. h3 e6 5. Bd3 d5 6. exd5 Qxd5 7. Bc2 b6 8. 0-0 Bb7 9. d4 Nc6 10. Be3 cxd4 11. cxd4 Be7 12. Nc3 Qh5 13. Bd3 0-0 14. Be2 Qa5 15. a3 Ba6 16. Ne5 Bxe2 17. Qxe2 Nxe5 18. b4 Nf3+ 19. Qxf3 Qa6 20. b5 Qc8 21. Ne4 Nd5 22. Qg3 Kh8 23. Bg5 Qc4 24. Qh4 f6 25. Bd2 Qxd4 26. Rad1 f5 27. Bc3 Bxh4 0-1

[Event "CRO-chT"]
[Site "Bol"]
[Date "2014.05.15"]
[Round "2.10"]
[White "Vucic, Mihovil"]
[Black "Buhin, Denis"]
[Result "1-0"]
[WhiteElo "2087"]
[BlackElo "1946"]
[PlyCount "75"]
[EventDate "2014.05.14"]
[EventType "team-swiss"]
[EventRounds "6"]
[EventCountry "CRO"]
[SourceTitle "CBM 160 Extra"]
[Source "ChessBase"]
[SourceDate "2014.07.01"]
[SourceVersion "1"]
[SourceVersionDate "2014.07.01"]
[SourceQuality "1"]
[WhiteTeam "Strigova Stridon"]
[BlackTeam "Novo Virje Konaki"]
[WhiteTeamCountry "CRO"]
[BlackTeamCountry "CRO"]

1. e4 c5 2. Nf3 g6 3. c3 Bg7 4. d4 cxd4 5. cxd4 d5 6. e5 Bg4 7. Bb5+ Nc6 8. Bxc6+ bxc6 9. Nbd2 Nh6 10. h3 Bxf3 11. Nxf3 e6 12. 0-0 Nf5 13. b3 Qa5 14. Bg5 h6 15. Bd2 Qb6 16. Bc1 Nxd4 17. Nxd4 Bxe5 18. Be3 c5 19. Nf3 Bxa1 20. Qxa1 Rh7 21. Rc1 d4 22. Nxd4 cxd4 23. Bxd4 Qb7 24. Bf6 Rc8 25. Rd1 Qb6 26. Qb2 a5 27. Qd2 Qc7 28. b4 axb4 29. Qxb4 Rb8 30. Qd2 h5 31. h4 Kf8 32. a4 Kg8 33. a5 e5 34. a6 Re8 35. Qd7 Qxd7 36. Rxd7 Rg7 37. a7 Kh7 38. Rd8 1-0

[Event "CRO-chT U20 23rd"]
[Site "Sv Filip i Jakov"]
[Date "2014.04.16"]
[Round "6.2"]
[White "Ivekovic, Zvjezdana"]
[Black "Vucic, Mihovil"]
[Result "0-1"]
[WhiteElo "1615"]
[BlackElo "2078"]
[PlyCount "70"]
[EventDate "2014.04.14"]
[EventType "team-tourn"]
[EventRounds "11"]
[EventCountry "CRO"]
[SourceTitle "EXT 2016"]
[Source "ChessBase"]
[SourceDate "2015.10.08"]
[SourceVersion "1"]
[SourceVersionDate "2015.10.08"]
[SourceQuality "1"]

1. d4 d5 2. c4 e6 3. Nc3 Nf6 4. Nf3 Be7 5. Bf4 0-0 6. e3 c5 7. dxc5 Nc6 8. cxd5 Nxd5 9. Nxd5 exd5 10. Bd3 Bxc5 11. Bxh7+ Kh8 12. Bd3 Bg4 13. h3 Bh5 14. g4 Bg6 15. Bxg6 fxg6 16. Kf1 Bb6 17. Bg5 Qd7 18. Kg2 Qe6 19. Nd2 Ne5 20. Qe2 Rf7 21. f4 Nc6 22. e4 Bd4 23. Rab1 dxe4 24. Qxe4 Qxa2 25. Qxg6 Be3 26. Ne4 Qb3 27. Nd6 Rff8 28. Bh6 Qg8 29. Bg5 Qd5+ 30. Kg3 Nd4 31. Rhd1 Bf2+ 32. Kxf2 Qf3+ 33. Kg1 Ne2+ 34. Kh2 Qg3+ 35. Kh1 Qxh3# 0-1

[Event "CRO-chT U20 23rd"]
[Site "Sv Filip i Jakov"]
[Date "2014.04.16"]
[Round "5.6"]
[White "Vucic, Mihovil"]
[Black "Toplak, Juraj"]
[Result "0-1"]
[WhiteElo "2078"]
[BlackElo "1692"]
[PlyCount "46"]
[EventDate "2014.04.14"]
[EventType "team-tourn"]
[EventRounds "11"]
[EventCountry "CRO"]
[SourceTitle "EXT 2016"]
[Source "ChessBase"]
[SourceDate "2015.10.08"]
[SourceVersion "1"]
[SourceVersionDate "2015.10.08"]
[SourceQuality "1"]

1. e4 e6 2. d4 d5 3. exd5 exd5 4. Nf3 Bd6 5. c4 c6 6. Be2 Nf6 7. 0-0 0-0 8. Bg5 Bf5 9. Nc3 Be7 10. Qb3 b6 11. Bxf6 Bxf6 12. cxd5 Re8 13. dxc6 Nxc6 14. Qa4 Nxd4 15. Nxd4 Qxd4 16. Qa6 Qd2 17. Bf3 Rad8 18. Rad1 Bd3 19. Qa3 Qg5 20. Rfe1 Rxe1+ 21. Rxe1 Qd2 22. Rd1 Re8 23. g3 Re1+ 0-1

[Event "CRO-chT U20 23rd"]
[Site "Sv Filip i Jakov"]
[Date "2014.04.15"]
[Round "4.1"]
[White "Livaic, Leon"]
[Black "Vucic, Mihovil"]
[Result "1/2-1/2"]
[WhiteElo "2044"]
[BlackElo "2078"]
[PlyCount "145"]
[EventDate "2014.04.14"]
[EventType "team-tourn"]
[EventRounds "11"]
[EventCountry "CRO"]
[SourceTitle "EXT 2016"]
[Source "ChessBase"]
[SourceDate "2015.10.08"]
[SourceVersion "1"]
[SourceVersionDate "2015.10.08"]
[SourceQuality "1"]

1. d4 d5 2. c4 e6 3. Nc3 Nf6 4. Nf3 Be7 5. Bg5 0-0 6. e3 Nbd7 7. Rc1 dxc4 8. Bxc4 a6 9. Qc2 h6 10. Bxf6 Nxf6 11. 0-0 b5 12. Bd3 Bb7 13. Ne4 Rc8 14. Nxf6+ Bxf6 15. Bh7+ Kh8 16. Be4 Bd5 17. Bxd5 Qxd5 18. b4 c6 19. e4 Qd7 20. Qc3 Rfd8 21. e5 Be7 22. a3 Rc7 23. Qe3 Ra8 24. Qf4 Bf8 25. g4 a5 26. Rc3 axb4 27. axb4 Bxb4 28. Rb3 Bf8 29. g5 h5 30. g6 fxg6 31. Nh4 Qf7 32. Qg5 Kh7 33. Rf3 Qe8 34. Rg3 Be7 35. Qxg6+ Qxg6 36. Nxg6 h4 37. Rg4 b4 38. Rb1 Rb8 39. Rb3 Ra7 40. Nxe7 Rxe7 41. Rxh4+ Kg6 42. Rg4+ Kf7 43. Kg2 Ra7 44. Rgg3 Ra2 45. Rgd3 Rb7 46. Kf3 g5 47. Rd1 Kg6 48. Kg3 Ra3 49. Rdb1 Rxb3+ 50. Rxb3 Kf5 51. Kf3 g4+ 52. Ke3 Kg5 53. f3 gxf3 54. Kxf3 Kf5 55. Ke3 Rh7 56. Rxb4 Rh3+ 57. Kf2 Rxh2+ 58. Ke3 Rh3+ 59. Kd2 Ke4 60. Rc4 Rd3+ 61. Ke2 Rxd4 62. Rxc6 Kxe5 63. Rc3 Re4+ 64. Kd2 Kf4 65. Ra3 Rb4 66. Ke2 Rb2+ 67. Ke1 e5 68. Kd1 e4 69. Ke1 Rb1+ 70. Ke2 Rb4 71. Ke1 Rb7 72. Ke2 Kg4 73. Ke3 1/2-1/2

[Event "CRO-chT U20 23rd"]
[Site "Sv Filip i Jakov"]
[Date "2014.04.15"]
[Round "3.6"]
[White "Muskardin, Mario"]
[Black "Vucic, Mihovil"]
[Result "0-1"]
[WhiteElo "2239"]
[BlackElo "2078"]
[PlyCount "76"]
[EventDate "2014.04.14"]
[EventType "team-tourn"]
[EventRounds "11"]
[EventCountry "CRO"]
[SourceTitle "EXT 2016"]
[Source "ChessBase"]
[SourceDate "2015.10.08"]
[SourceVersion "1"]
[SourceVersionDate "2015.10.08"]
[SourceQuality "1"]

1. e4 c5 2. Ne2 d6 3. g3 Nf6 4. Bg2 g6 5. c3 Bg7 6. d4 cxd4 7. cxd4 0-0 8. Nbc3 Nc6 9. 0-0 Bd7 10. h3 Ne8 11. Bg5 h6 12. Be3 Na5 13. b3 Nc7 14. Qd2 Kh7 15. f4 Nb5 16. Rac1 Nxc3 17. Rxc3 Qb6 18. Rfc1 Bb5 19. b4 Nc6 20. d5 Bxc3 21. Nxc3 Qa6 22. dxc6 bxc6 23. e5 d5 24. f5 h5 25. Qf2 Bd3 26. f6 exf6 27. exf6 Rg8 28. Bf1 Bxf1 29. Qf4 g5 30. Qf5+ Rg6 31. Rxf1 Qc4 32. Nd1 Re8 33. Qd7 Rf8 34. Bc5 Qd3 35. Bxf8 Qxg3+ 36. Kh1 g4 37. Qd6 Qxh3+ 38. Kg1 g3 0-1

[Event "Wch U20 52nd"]
[Site "Kocaeli"]
[Date "2013.09.25"]
[Round "12"]
[White "Barros Rivadeneira, Cristhian"]
[Black "Vucic, Mihovil"]
[Result "1-0"]
[WhiteElo "2238"]
[BlackElo "2063"]
[PlyCount "109"]
[EventDate "2013.09.13"]
[EventType "swiss"]
[EventRounds "13"]
[EventCountry "TUR"]
[SourceTitle "CBM 156 Extra"]
[Source "ChessBase"]
[SourceDate "2013.10.22"]
[SourceVersion "1"]
[SourceVersionDate "2013.10.22"]
[SourceQuality "1"]

1. d4 d5 2. c4 e6 3. Nc3 Nf6 4. Bg5 Be7 5. Bxf6 Bxf6 6. Nf3 0-0 7. e3 b6 8. Qc2 Bb7 9. cxd5 exd5 10. 0-0-0 Nd7 11. g4 g6 12. h4 Rc8 13. h5 Qe7 14. Bd3 c5 15. g5 Bg7 16. Rh3 Rfe8 17. hxg6 fxg6 18. Bb5 a6 19. Bxd7 Qxd7 20. Rdh1 Bh8 21. Rxh7 Qxh7 22. Rxh7 Kxh7 23. Qd3 b5 24. Ne5 Bxe5 25. dxe5 Rxe5 26. f4 Rf5 27. e4 Rxf4 28. Qh3+ Kg8 29. Qe6+ Rf7 30. Nxd5 Kf8 31. Qd6+ Kg7 32. Qe5+ Kh7 33. Nf6+ Kg7 34. Ne8+ Kg8 35. Nd6 Rf1+ 36. Kd2 Rcf8 37. Qe6+ Kg7 38. Qd7+ Kg8 39. Qe6+ Kg7 40. Ne8+ Kh7 41. Nf6+ Kg7 42. e5 Rf2+ 43. Ke3 Rf3+ 44. Ke2 Rf7 45. Qe8 Rf8 46. Qe7+ Rf7 47. Qd8 Rf8 48. Qc7+ Rf7 49. Qb8 R3xf6 50. gxf6+ Kh6 51. Ke3 Kg5 52. Qd6 c4 53. Qe6 Rh7 54. f7 Bc8 55. Qf6+ 1-0

[Event "Wch U20 52nd"]
[Site "Kocaeli"]
[Date "2013.09.19"]
[Round "7"]
[White "Vucic, Mihovil"]
[Black "Saiyn, Zhanat"]
[Result "0-1"]
[WhiteElo "2063"]
[BlackElo "2337"]
[PlyCount "66"]
[EventDate "2013.09.13"]
[EventType "swiss"]
[EventRounds "13"]
[EventCountry "TUR"]
[SourceTitle "CBM 156 Extra"]
[Source "ChessBase"]
[SourceDate "2013.10.22"]
[SourceVersion "1"]
[SourceVersionDate "2013.10.22"]
[SourceQuality "1"]

1. e4 c5 2. Nf3 e6 3. c3 Nf6 4. e5 Nd5 5. d4 cxd4 6. cxd4 d6 7. Bc4 Nc6 8. 0-0 Be7 9. Qe2 0-0 10. Nc3 Nxc3 11. bxc3 dxe5 12. dxe5 Qa5 13. Bd2 Rd8 14. a4 Bd7 15. Qe4 g6 16. Rfe1 Be8 17. Rab1 Rd7 18. Bb5 Rad8 19. Bg5 Bxg5 20. Nxg5 h6 21. Nf3 Qxc3 22. h4 Qa3 23. h5 g5 24. Re3 Qf8 25. g3 a6 26. Bxc6 Rd1+ 27. Re1 Bxc6 28. Qe2 R1d3 29. Nh2 Qc5 30. Kf1 Qd5 31. f3 Rd2 32. Ng4 Rxe2 33. Nf6+ Kg7 0-1

[Event "Wch U20 52nd"]
[Site "Kocaeli"]
[Date "2013.09.18"]
[Round "6"]
[White "Grandelius, Nils"]
[Black "Vucic, Mihovil"]
[Result "1-0"]
[WhiteElo "2576"]
[BlackElo "2063"]
[PlyCount "38"]
[EventDate "2013.09.13"]
[EventType "swiss"]
[EventRounds "13"]
[EventCountry "TUR"]
[SourceTitle "CBM 156 Extra"]
[Source "ChessBase"]
[SourceDate "2013.10.22"]
[SourceVersion "1"]
[SourceVersionDate "2013.10.22"]
[SourceQuality "1"]

1. Nf3 Nf6 2. g3 e6 3. Bg2 Be7 4. 0-0 d5 5. c4 0-0 6. b3 Nc6 7. d4 Ne4 8. Bb2 Bd7 9. Nc3 Be8 10. e3 f5 11. Ne2 Bf7 12. Rc1 a5 13. a3 Bf6 14. Qc2 Rc8 15. Rfd1 Qe7 16. Ne5 Bh5 17. f3 Ng5 18. Kf2 Rfe8 19. Nf4 g6 1-0

[Event "Wch U20 52nd"]
[Site "Kocaeli"]
[Date "2013.09.15"]
[Round "3"]
[White "Vucic, Mihovil"]
[Black "Laurusas, Tomas"]
[Result "0-1"]
[WhiteElo "2063"]
[BlackElo "2398"]
[PlyCount "80"]
[EventDate "2013.09.13"]
[EventType "swiss"]
[EventRounds "13"]
[EventCountry "TUR"]
[SourceTitle "CBM 156 Extra"]
[Source "ChessBase"]
[SourceDate "2013.10.22"]
[SourceVersion "1"]
[SourceVersionDate "2013.10.22"]
[SourceQuality "1"]

1. e4 c5 2. Nf3 e6 3. c3 d5 4. exd5 Qxd5 5. d4 Nf6 6. Be3 cxd4 7. cxd4 Bb4+ 8. Nc3 0-0 9. Bd3 b6 10. Qe2 Qa5 11. 0-0 Ba6 12. Nb5 Bxb5 13. Bxb5 a6 14. Bd3 Bd6 15. Rfe1 Nc6 16. a3 Ne7 17. Rac1 h6 18. Ne5 b5 19. Qf3 Ned5 20. Qh3 Nxe3 21. Qxe3 Rfe8 22. Bb1 Qd8 23. Rcd1 Qb6 24. Qf3 Rad8 25. Rc1 Bb8 26. Nc6 Rd5 27. Ba2 Rf5 28. Qd3 g6 29. h3 Kg7 30. b4 h5 31. Ne5 Bxe5 32. Rxe5 Rf4 33. Rec5 Rd8 34. Rc6 Qb8 35. Rxa6 Rxf2 36. Bb3 Qf4 37. Rd1 Rb2 38. Bc2 Rc8 39. Rd2 Rcxc2 40. Rxc2 Rb1+ 0-1

[Event "CRO-ch U17"]
[Site "Vukovar"]
[Date "2013.07.27"]
[Round "8"]
[White "Paleka, Danijel"]
[Black "Vucic, Mihovil"]
[Result "1/2-1/2"]
[WhiteElo "1828"]
[BlackElo "2062"]
[PlyCount "110"]
[EventDate "2013.07.22"]
[EventType "swiss"]
[EventRounds "9"]
[EventCountry "CRO"]
[SourceTitle "EXT 2014"]
[Source "ChessBase"]
[SourceDate "2013.11.20"]
[SourceVersion "1"]
[SourceVersionDate "2013.11.20"]
[SourceQuality "1"]

1. d4 d5 2. Nf3 Nf6 3. Bf4 e6 4. e3 Bd6 5. Ne5 c5 6. c3 Nc6 7. Nd2 Bxe5 8. dxe5 Nd7 9. Qg4 Rg8 10. Nf3 b6 11. Bd3 g6 12. h4 h5 13. Qg3 Qc7 14. Rd1 Bb7 15. Qg5 Ne7 16. Nh2 Bc6 17. Rg1 Qb7 18. Be2 Nf8 19. Bd3 0-0-0 20. Nf1 Nh7 21. Qg3 Nf5 22. Qh3 Qe7 23. g3 Kb7 24. Nd2 d4 25. Be4 Bxe4 26. Nxe4 dxe3 27. fxe3 Rxd1+ 28. Kxd1 Qd7+ 29. Kc1 Rd8 30. Qh1 Qd5 31. Rd1 Qxd1+ 32. Qxd1 Rxd1+ 33. Kxd1 Kc6 34. c4 a6 35. Kc2 Kd7 36. Kd3 Nf8 37. Ng5 Ke8 38. Ne4 Nd7 39. Kc3 Ne7 40. Nd6+ Kf8 41. Kd3 Nc6 42. Ke4 Ke7 43. Nc8+ Kd8 44. Nd6 Ke7 45. Nc8+ Kf8 46. Nd6 a5 47. a3 a4 48. Nb5 f6 49. exf6 Nxf6+ 50. Kd3 e5 51. Bg5 e4+ 52. Kc2 Ng4 53. Nd6 Nce5 54. Bf4 Nd7 55. Nxe4 Ke7 1/2-1/2

[Event "CRO-chT U20 22nd"]
[Site "Durdevac"]
[Date "2013.03.30"]
[Round "9"]
[White "Vucic, Mihovil"]
[Black "Havas, Janko"]
[Result "0-1"]
[WhiteElo "2030"]
[BlackElo "2113"]
[PlyCount "152"]
[EventDate "2013.03.25"]
[EventType "team-tourn"]
[EventRounds "9"]
[EventCountry "CRO"]
[SourceTitle "CBM 153 Extra"]
[Source "ChessBase"]
[SourceDate "2013.04.22"]
[SourceVersion "1"]
[SourceVersionDate "2013.04.22"]
[SourceQuality "1"]

1. e4 g6 2. d4 Bg7 3. Nc3 d6 4. Be3 c6 5. Qd2 Qa5 6. Bd3 Nd7 7. Nce2 Qxd2+ 8. Bxd2 e5 9. Bc3 Ne7 10. Nf3 0-0 11. Bb4 c5 12. dxc5 Nc6 13. Bc3 Nxc5 14. 0-0-0 a5 15. Ng3 Nb4 16. Bc4 b5 17. Bd5 Ra6 18. Kb1 Nxd5 19. Rxd5 Be6 20. Rdd1 h6 21. Rhe1 Rc8 22. Re2 Bc4 23. Ree1 b4 24. Bd2 Rac6 25. Be3 Bf8 26. Nd2 Be6 27. Re2 a4 28. Bxc5 Rxc5 29. Ndf1 h5 30. Ne3 h4 31. Ngf1 Bd7 32. Nd5 Bb5 33. Red2 Bc6 34. Nfe3 Kh8 35. Re2 Bb5 36. Red2 Bc6 37. g3 h3 38. g4 Bh6 39. Ne7 Bxe3 40. fxe3 Rc7 41. Nxc6 R5xc6 42. b3 a3 43. Rf2 Kg7 44. Rd5 Rb6 45. g5 Rc8 46. Rf6 Rh8 47. Rf3 Rh4 48. c4 Rg4 49. Rg3 Rxg3 50. hxg3 h2 51. Rd1 Rb8 52. Rh1 Rh8 53. Kc2 Rh5 54. Kd3 Rxg5 55. Rxh2 Rxg3 56. c5 dxc5 57. Rc2 Rg1 58. Rxc5 Rg2 59. Rxe5 Rxa2 60. Rb5 Rb2 61. Rxb4 a2 62. Ra4 Rxb3+ 63. Ke2 Rb2+ 64. Kf3 Kf6 65. Ra5 Ke6 66. Kf4 Kd6 67. e5+ Kc6 68. Kg5 Rf2 69. e4 Kb6 70. Ra8 Kc5 71. e6 fxe6 72. Kxg6 Kd4 73. Ra4+ Kc3 74. Ra8 Kb2 75. Rb8+ Kc1 76. Rc8+ Kb1 0-1

[Event "CRO-chT U20 22nd"]
[Site "Durdevac"]
[Date "2013.03.29"]
[Round "8"]
[White "Samanic, Verena"]
[Black "Vucic, Mihovil"]
[Result "1/2-1/2"]
[WhiteElo "1626"]
[BlackElo "2030"]
[PlyCount "105"]
[EventDate "2013.03.25"]
[EventType "team-tourn"]
[EventRounds "9"]
[EventCountry "CRO"]
[SourceTitle "CBM 153 Extra"]
[Source "ChessBase"]
[SourceDate "2013.04.22"]
[SourceVersion "1"]
[SourceVersionDate "2013.04.22"]
[SourceQuality "1"]

1. d4 d5 2. Nf3 Nf6 3. Bf4 e6 4. e3 Be7 5. Be2 0-0 6. 0-0 Nbd7 7. c4 b6 8. Nc3 a6 9. Qb3 Bb7 10. Rac1 Rc8 11. Rfd1 c5 12. Ne5 dxc4 13. Bxc4 Qe8 14. a4 Nxe5 15. Bxe5 Qc6 16. d5 exd5 17. Nxd5 Kh8 18. f3 Qe6 19. Bxf6 Bxd5 20. Bxg7+ Kxg7 21. Bxd5 Qh6 22. Bc4 a5 23. Rd7 Bd6 24. g3 Rc7 25. Rxc7 Bxc7 26. Qc3+ Kg8 27. Rd1 Qg6 28. Kg2 h5 29. Kf2 h4 30. Rg1 hxg3+ 31. hxg3 Re8 32. Bd3 Qe6 33. Bb5 Rd8 34. Rh1 Be5 35. Qc2 Qd5 36. Re1 Kg7 37. Bc4 Qd7 38. f4 Bf6 39. Bf1 Rh8 40. Bg2 Qe6 41. b3 Re8 42. Qd3 Rd8 43. Qc2 Qd7 44. Be4 Qg4 45. Bf3 Qe6 46. Rd1 Re8 47. Re1 Rd8 48. Rd1 Re8 49. Re1 Rc8 50. Be2 Rh8 51. Bf3 Rc8 52. Be2 Rd8 53. Bf3 1/2-1/2